|
|
|
|
| LEADER |
00000cam a2200000 7i4500 |
| 001 |
0000001948 |
| 005 |
20020713.0 |
| 020 |
0 |
0 |
|a 0851992404
|
| 090 |
0 |
0 |
|a R338.162
|b NUT 1998
|
| 245 |
0 |
0 |
|a NUTRIENT management for sustainable crop production in Asia
|c edited by A. E. Johnston and J. K. Syers
|
| 260 |
0 |
0 |
|a Oxon :
|b CABI ,
|c 1998
|
| 300 |
|
|
|a xvii, 394 p. :
|b ill. ;
|c 25 cm.
|
| 500 |
0 |
0 |
|a Includes bibliographical references and index
|
| 650 |
0 |
0 |
|a Phosphate rock
|z Asia
|x Congresses
|
| 650 |
0 |
0 |
|a Phosphatic fertilizers
|z Asia
|x Congresses
|
| 650 |
0 |
0 |
|a Phosphorus in agriculture
|z Asia
|x Congresses
|
| 650 |
0 |
0 |
|a Plant nutrient
|z Asia
|x Congresses
|
| 650 |
0 |
0 |
|a Sustainable agriculture
|z Asia
|x Congresses
|
| 700 |
0 |
1 |
|a Johnston
|h A. E.
|
| 700 |
0 |
1 |
|a Syers
|h John K. [
|q (John Keith)]
|
| 998 |
|
|
|a JPSM
|
| 999 |
|
|
|a 0000003317
|b Monograph
|c Reference
|e Default branch
|